States of The United States by Alphabetical order on a map - Statistics

General Stats
  • This quiz has been taken 47 times
  • The average score is 44 of 50
Answers on the Map
Answers color-coded by a green-red scale on the quiz's map according to % correct below.
 
Answer Stats
Answer % Correct
Alabama
100%
Alaska
100%
Arizona
97%
Arkansas
97%
California
97%
Colorado
97%
Connecticut
97%
Delaware
97%
Florida
97%
Georgia
97%
Illinois
97%
Indiana
97%
Hawaii
94%
Idaho
94%
Iowa
94%
Kentucky
94%
Louisiana
94%
Maine
94%
Massachusetts
94%
Mississippi
94%
Missouri
94%
Montana
94%
Kansas
91%
Michigan
91%
Nevada
91%
New Hampshire
91%
Maryland
88%
Minnesota
88%
New Jersey
88%
New Mexico
85%
New York
85%
Nebraska
82%
North Carolina
82%
Ohio
82%
Oklahoma
82%
North Dakota
79%
Oregon
79%
Pennsylvania
76%
Rhode Island
76%
Tennessee
76%
Texas
76%
Utah
76%
Washington
76%
West Virginia
76%
Wisconsin
76%
Wyoming
76%
South Carolina
74%
South Dakota
74%
Vermont
74%
Virginia
74%
No matching quizzes found
Score Distribution
Percent of People with Each Score
Percentile by Number Answered
Your Score History
You have not taken this quiz